000 00583nam a2200133Ia 4500
008 200925s9999 xx 000 0 und d
020 _a978-971-9654-92-6
100 _aAgustin-Acierto, Marife
245 _cMarife Agustin-Acierto, William Barja Baltazar, Heidi Rojas-Maneclang, Joseph Mercado, Bonifacio Exconde Umaclap.--
_aIn Depth :
_bA Guide to successful Business planning /
260 _aManila :
_bUnlimited Books Library Services & Publishing Inc.
_c2017
300 _axii , 250 pages :
_billustrations ;
_c25 cm.
650 _abusiness management
650 _aIndustrial policy
999 _c364503
_d364503